| 000 | 00406nam a2200121Ia 4500 | ||
|---|---|---|---|
| 008 | 220620s9999||||xx |||||||||||||| ||und|| | ||
| 245 | 0 | _aGeneration, Development and Modifications of Natural Fibers | |
| 546 | _aEnglish[eng] | ||
| 650 | _aPolymer chemistry | ||
| 700 | _aAbbas, Mudassar||Jeon, Han-Yong | ||
| 856 | _uhttps://mts.intechopen.com/storage/books/8162/authors_book/authors_book.pdf | ||
| 942 | _cEB | ||
| 999 |
_c27025 _d27025 |
||